Sports Quiz

Random Sports or Soccer Quiz
Score 0/11 Timer 06:00
1 Play Today
Transfer Player % Correct
Athletic Bilbao to Manchester City (65 M)Laporte
100%
Southampton to Liverpool (84,65 M)Van Dijk
100%
Liverpool to Barcelona (145 M)Coutinho
100%
FC Barcelona to Paris SG (222 M)Neymar
100%
Everton to Manchester United (84,7 M)Lukaku
99.2%
Dortmund to Barcelona (125 M)Dembele
98.3%
Chelsea to Manchester United (44,7 M)Matic
97.5%
Monaco to Manchester City (57,5 M)Mendy
96.7%
Benfica to Manchester City (40 M)Ederson
95%
Swansea to Everton (49,4 M)Sigurdsson
90.8%
Lyon to Bayern Munchen (41,5 M)Tolisso
84.2%

You're not logged in!

Compare scores with friends on all Sporcle quizzes.
OR
Log In

Sporcle TV

Today on Sporcle TV


Watch our educational content, quiz creation guides, and fun videos on Sporcle TV.

Show Comments

Extras

Top Quizzes Today


Score Distribution

Paid Content

Your Account Isn't Verified!

In order to create a playlist on Sporcle, you need to verify the email address you used during registration. Go to your Sporcle Settings to finish the process.

Report this User

Report this user for behavior that violates our Community Guidelines.

Details: